00416 a2200169 4500260000900000260000800009245006300017300001200080440001500092300002200107260000900129130000700138710000800145440006100153020001800214440001400232 aROME bFAO aGestion des programmes d'alimentation des collectivités. aX-202p. v23 Rév.1 bCouv.ill.en coul. c1995 lFr aFAO aDivision de l'alimentation et de la nutrition de la FAO. a92-5-203084-0 x1014-2908